[Event "13th Poti Nana Aleksandria Cup"]
[Site "Poti"]
[Date "2018.07.14"]
[Round "2"]
[White "Chkhaidze, Nikoloz"]
[Black "Paichadze, Luka"]
[Result "0-1"]
[WhiteElo "2337"]
[BlackElo "2564"]
[Annotator "ChessBase"]
[PlyCount "78"]
[EventDate "2018.07.13"]
[EventType "swiss"]
[EventCountry "GEO"]
[SourceTitle "playchess.com"]
[Source "ChessBase"]
[SourceQuality "1"]
[TimeControl "40/5400+30:1800+30"]

1. d4 {[%emt 0:00:00]} Nf6 {[%emt 0:00:00]} 2. c4 {[%emt 0:00:00]} e6 {[%emt 0:00:07]} 3. Nc3 {[%emt 0:00:00]} Bb4 {[%emt 0:00:11]} 4. Nf3 {[%emt 0:00:00]} b6 {[%emt 0:00:42]} 5. Bg5 {[%emt 0:00:00]} Bb7 {[%emt 0:00:16]} 6. e3 {[%emt 0:00:00]} h6 {[%emt 0:05:14]} 7. Bh4 {[%emt 0:00:01]} Be7 {[%emt 0:00:43]} 8. Bd3 {[%emt 0:02:23]} d5 {[%emt 0:01:32]} 9. cxd5 {[%emt 0:02:59]} Nxd5 {[%emt 0:00:34]} 10. Bxe7 {[%emt 0:00:28]} Qxe7 {[%emt 0:03:51]} 11. Nxd5 {[%emt 0:12:32]} Bxd5 {[%emt 0:00:58]} 12. O-O {[%emt 0:01:02]} O-O {[%emt 0:00:17]} 13. Qe2 {[%emt 0:01:29]} Nd7 {[%emt 0:02:14]} 14. e4 {[%emt 0:01:03]} Bb7 {[%emt 0:00:07]} 15. Ba6 {[%emt 0:00:20]} Bxa6 {[%emt 0:00:25]} 16. Qxa6 {[%emt 0:00:05]} c5 {[%emt 0:01:02]} 17. Rfd1 {[%emt 0:04:31]} Nf6 {[%emt 0:02:09]} 18. Qe2 {[%emt 0:00:26]} Rac8 {[%emt 0:02:13]} 19. h3 {[%emt 0:06:03]} Rfd8 {[%emt 0:18:03]} 20. Rac1 {[%emt 0:05:11]} cxd4 {[%emt 0:02:41]} 21. Rxc8 {[%emt 0:00:08]} Rxc8 {[%emt 0:00:04]} 22. Rxd4 {[%emt 0:07:17]} Rc1+ {[%emt 0:01:33]} 23. Kh2 {[%emt 0:00:40]} Qc7+ {[%emt 0:00:25]} 24. e5 {[%emt 0:11:16]} Nd5 {[%emt 0:00:06]} 25. Rd2 {[%emt 0:00:49]} Rc5 {[%emt 0:13:32]} 26. a3 {[%emt 0:08:31]} a5 {[%emt 0:01:45]} 27. g3 {[%emt 0:04:59]} b5 {[%emt 0:03:01]} 28. Nd4 {[%emt 0:05:45]} b4 {[%emt 0:05:44]} 29. axb4 {[%emt 0:00:16]} Nxb4 {[%emt 0:00:59]} 30. f4 {[%emt 0:06:26]} g6 {[%emt 0:07:04]} 31. Nb5 {[%emt 0:09:36]} Qb6 {[%emt 0:10:29]} 32. Nc3 {[%emt 0:00:16]} Rc8 {[%emt 0:02:57]} 33. Kg2 {[%emt 0:06:26]} Rd8 {[%emt 0:03:49]} 34. Rxd8+ {[%emt 0:01:25]} Qxd8 {[%emt 0:00:04]} 35. h4 {[%emt 0:01:33]} h5 {[%emt 0:02:04]} 36. Kh3 {[%emt 0:00:40]} Nd3 {[%emt 0:02:15]} 37. Ne4 {[%emt 0:00:24]} Qd4 {[%emt 0:00:15]} 38. Nf6+ {[%emt 0:01:53]} Kg7 {[%emt 0:00:08]} 39. b3 {[%emt 0:00:34]} Qg1 0-1

[Event "13th Poti Nana Aleksandria Cup"]
[Site "Poti"]
[Date "2018.07.14"]
[Round "2"]
[White "Aliyev, Ravan"]
[Black "Nikulina, Alena"]
[Result "1-0"]
[WhiteElo "2324"]
[BlackElo "1959"]
[Annotator "NA"]
[PlyCount "57"]
[EventDate "2018.07.13"]
[EventType "swiss"]
[EventCountry "GEO"]
[SourceTitle "playchess.com"]
[Source "ChessBase"]
[SourceQuality "1"]
[TimeControl "40/5400+30:1800+30"]

1. d4 {[%emt 0:00:00]} f5 {[%emt 0:10:47]} 2. c4 {[%emt 0:00:00]} Nf6 {[%emt 0:00:27]} 3. Nc3 {[%emt 0:00:04]} e6 {[%emt 0:01:00]} 4. e3 {[%emt 0:00:16]} b6 {[%emt 0:05:53]} 5. Bd3 {[%emt 0:01:30]} Bb7 {[%emt 0:00:08]} 6. f3 {[%emt 0:00:09]} Bb4 {[%emt 0:05:32]} 7. Nge2 {[%emt 0:00:27]} O-O {[%emt 0:00:20] LiveBook: 15 Games} 8. O-O {[%emt 0:00:42]} d5 {[%emt 0:02:49]} 9. Qc2 {[%emt 0:01:47]} g6 {[%emt 0:06:44]} 10. a3 {[%emt 0:03:13]} Be7 {[%emt 0:09:25]} 11. b4 {[%emt 0:06:48]} c6 {[%emt 0:05:54]} 12. Bd2 {[%emt 0:03:58]} Nbd7 {[%emt 0:00:47]} (12... Re8 $16 {war einen Versuch wert.}) 13. Nf4 {[%emt 0:01:01]} Kf7 {[%emt 0:01:52]} 14. e4 $18 {[%emt 0:02:22]} Rg8 {[%emt 0:13:35]} 15. Rae1 {[%emt 0:06:37]} Nf8 {[%emt 0:01:48]} 16. exd5 {[%emt 0:00:44]} cxd5 {[%emt 0:02:26]} 17. cxd5 {[%emt 0:03:38]} Nxd5 {[%emt 0:01:35]} 18. Ncxd5 {[%emt 0:03:54]} exd5 {[%emt 0:04:51]} 19. Qb3 {[%emt 0:06:33]} Bf6 {[%emt 0:03:33]} 20. Be3 {[%emt 0:01:16]} Qd6 {[%emt 0:01:48]} 21. Bb1 {[%emt 0:02:58]} Bxd4 {[%emt 0:08:48]} 22. Bxd4 {[%emt 0:01:00]} Qxf4 {[%emt 0:00:10]} 23. Be5 {[%emt 0:02:11]} Qc4 {[%emt 0:01:54]} 24. Qe3 {[%emt 0:01:04]} Ne6 {[%emt 0:04:41]} 25. Qh6 {[%emt 0:01:20]} Rac8 {[%emt 0:03:03]} 26. Bxf5 {[%emt 0:01:31]} Rc6 {[%emt 0:02:28]} 27. Bxe6+ {[%emt 0:01:41]} Rxe6 {[%emt 0:00:38]} 28. Qxh7+ {[%emt 0:00:08]} Kf8 {[%emt 0:00:11]} 29. Bd6+ {[%emt 0:00:07]} 1-0

[Event "13th Poti Nana Aleksandria Cup"]
[Site "Poti"]
[Date "2018.07.14"]
[Round "2"]
[White "Mammadov, Sadig"]
[Black "Janiashvili, Mariami"]
[Result "0-1"]
[WhiteElo "2312"]
[BlackElo "1988"]
[Annotator "NA"]
[PlyCount "116"]
[EventDate "2018.07.13"]
[EventType "swiss"]
[EventCountry "GEO"]
[SourceTitle "playchess.com"]
[Source "ChessBase"]
[SourceQuality "1"]
[TimeControl "40/5400+30:1800+30"]

1. e4 {[%emt 0:00:00]} e6 {[%emt 0:00:00]} 2. d4 {[%emt 0:00:00]} d5 {[%emt 0:00:00]} 3. Nd2 {[%emt 0:00:00]} dxe4 {[%emt 0:00:00]} 4. Nxe4 {[%emt 0:00:00]} Nd7 {[%emt 0:00:00]} 5. Nf3 {[%emt 0:00:00]} Ngf6 {[%emt 0:00:00]} 6. Bd3 {[%emt 0:00:40]} Nxe4 {[%emt 0:00:14]} 7. Bxe4 {[%emt 0:00:01]} Nf6 {[%emt 0:00:12]} 8. Bd3 {[%emt 0:00:02]} Be7 {[%emt 0:00:30]} 9. Qe2 {[%emt 0:00:14]} O-O {[%emt 0:00:19]} 10. O-O {[%emt 0:00:53]} b6 {[%emt 0:00:48]} 11. Bg5 {[%emt 0:06:06]} Bb7 {[%emt 0:00:17]} 12. Rad1 {[%emt 0:01:00]} h6 {[%emt 0:02:16]} 13. Bc1 {[%emt 0:03:58] C10: French with 3 Nc3: Unusual Black 3rd moves and 3...dxe4} (13. Bxf6 Bxf6 14. Be4 Bxe4 15. Qxe4 Qd6 16. Rd3 Rfd8 17. Rfd1 c6 18. Ne5 Rac8 19. Ng4 Bg5 20. Qe2 c5 21. dxc5 Qxc5 22. Rxd8+ Rxd8 23. Rxd8+ Bxd8 {½-½ (49) Takacs,B (2354)-Chernyshov,K (2530) Heviz 2013}) 13... Qd5 {[%emt 0:01:19] LiveBook: 7 Partien} 14. c4 {[%emt 0:03:16]} Qh5 {[%emt 0:00:43]} 15. Ne5 {[%emt 0:00:26]} Qxe2 {[%emt 0:02:12]} 16. Bxe2 {[%emt 0:00:02]} c5 {[%emt 0:03:07]} 17. Be3 {[%emt 0:08:10]} cxd4 {[%emt 0:00:17]} 18. Bxd4 {[%emt 0:00:01]} Rfd8 {[%emt 0:00:34]} 19. Bf3 $146 {[%emt 0:03:06]} ({Predecessor:} 19. Be3 Rac8 20. Rxd8+ Rxd8 21. Rd1 Rxd1+ 22. Bxd1 Bd6 23. Bd4 Kf8 24. Ba4 Ke7 25. h3 Ne4 {½-½ (24) Koval,A (2053)-Mnich,J (2009) Slovakia 2018}) 19... Bxf3 {[%emt 0:00:11]} 20. Nxf3 {[%emt 0:00:01]} Rac8 {[%emt 0:00:46]} 21. b3 {[%emt 0:02:58]} Bc5 {[%emt 0:05:02]} 22. Bxc5 {[%emt 0:01:24]} bxc5 {[%emt 0:00:30]} 23. Rfe1 {[%emt 0:02:58]} Kf8 {[%emt 0:00:35]} 24. Kf1 {[%emt 0:04:37]} a5 {[%emt 0:07:37]} 25. Ne5 {[%emt 0:00:11]} a4 {[%emt 0:01:28]} 26. bxa4 {[%emt 0:03:01]} Rxd1 {[%emt 0:07:18]} 27. Rxd1 {[%emt 0:00:06]} Ra8 {[%emt 0:00:12]} 28. Rb1 {[%emt 0:04:29]} Ne4 {[%emt 0:10:32]} 29. Rb7 {[%emt 0:04:41]} Rxa4 {[%emt 0:00:50]} 30. Rxf7+ {[%emt 0:02:33]} Kg8 {[%emt 0:00:01]} 31. Rf4 {[%emt 0:10:52]} Nd2+ {[%emt 0:03:27]} 32. Kg1 {[%emt 0:00:07]} Rxa2 {[%emt 0:01:41]} 33. h4 {[%emt 0:00:03]} Ra1+ {[%emt 0:07:32]} 34. Kh2 {[%emt 0:00:01]} Re1 {[%emt 0:00:11]} 35. Ng6 {[%emt 0:01:51]} h5 {[%emt 0:00:33]} 36. Rf8+ {[%emt 0:03:46]} Kh7 {[%emt 0:00:01]} 37. Nf4 {[%emt 0:00:01]} Re4 {[%emt 0:08:11]} 38. g3 {[%emt 0:02:05]} Nxc4 {[%emt 0:01:34]} 39. Rc8 {[%emt 0:02:18]} Re5 {[%emt 0:07:01]} 40. Rc6 {[%emt 0:00:00]} Na5 {[%emt 0:00:00]} 41. Ra6 $11 {[%emt 0:03:36]} c4 {[%emt 0:03:25]} 42. Nxe6 {[%emt 0:00:14]} c3 {[%emt 0:01:02]} 43. Nd4 {[%emt 0:03:40]} Rd5 {[%emt 0:01:11]} 44. Kg2 {[%emt 0:00:40]} Rxd4 {[%emt 0:05:48]} 45. Rxa5 {[%emt 0:00:01]} Rc4 {[%emt 0:00:06]} 46. Ra1 {[%emt 0:00:05]} c2 47. Rc1 Kg6 {[%emt 0:00:39]} 48. f3 {[%emt 0:01:48]} Kf5 {[%emt 0:00:38]} 49. Kf2 {[%emt 0:00:01]} Rc3 {[%emt 0:01:37]} 50. Ke2 {[%emt 0:00:27]} g6 {[%emt 0:02:16]} 51. Kf2 {[%emt 0:00:54]} Ke5 {[%emt 0:00:39]} 52. Ke2 {[%emt 0:00:05]} Kd4 {[%emt 0:03:08]} 53. g4 {[%emt 0:00:10]} hxg4 {[%emt 0:00:59]} 54. fxg4 {[%emt 0:00:02]} Kc4 {[%emt 0:00:10]} 55. Kd2 {[%emt 0:03:17]} Kb3 {[%emt 0:00:15]} 56. h5 {[%emt 0:02:13]} gxh5 {[%emt 0:00:04]} 57. gxh5 {[%emt 0:00:01]} Rh3 {[%emt 0:01:12]} 58. Rg1 {[%emt 0:00:01]} Kb2 {[%emt 0:00:29]} 0-1

[Event "13th Poti Nana Aleksandria Cup"]
[Site "Poti"]
[Date "2018.07.14"]
[Round "2"]
[White "Matsenko, Andrei"]
[Black "Harutjunyan, Gevorg"]
[Result "0-1"]
[WhiteElo "2299"]
[BlackElo "2418"]
[Annotator "TA"]
[PlyCount "76"]
[EventDate "2018.07.13"]
[EventType "swiss"]
[EventCountry "GEO"]
[SourceTitle "playchess.com"]
[Source "ChessBase"]
[SourceQuality "1"]

{[%evp 10,76,27,33,67,66,60,50,67,59,68,61,63,46,55,44,48,45,53,16,51,-5,8,-2,-10,-38,-20,-46,-38,-53,0,0,0,-6,0,0,-8,-15,0,0,18,0,53,50,62,58,99,31,83,0,0,0,0,0,94,55,455,-156,-163,-332,-331,-325,-287,-1343,-1289,-1356,-1255,-29978,-29979]} 1. e4 c6 2. d4 d5 3. e5 Bf5 4. Nd2 e6 5. Nb3 a5 (5... Nd7 6. Nf3 Ne7 7. Be2 Ng6 8. O-O f6 9. c4 dxc4 10. Bxc4 fxe5 11. Ng5 Qf6 12. g4 Nf4 13. Bxf4 exf4 14. Nxe6 Bxe6 15. Bxe6 {½-½ (46) Grischuk,A (2766)-Mamedyarov,S (2808) Paris 2018}) 6. a4 {LiveBook: 5 Games. B12: Caro-Kann: Advance Variation} Na6 {Threatening ...Nb4.} 7. c3 Ne7 8. Nf3 {White is slightly better.} Ng6 $146 ({Predecessor:} 8... Bg4 9. h3 Bh5 10. Be2 Bxf3 11. Bxf3 c5 12. Nxc5 Nxc5 13. dxc5 {1-0 (44) Antal,G (2495)-Gao,L (2216) South Padre Island 2009}) 9. Be2 Be7 10. O-O Qb6 11. Ne1 {Hoping for g4.} h5 12. Bd2 Bg4 {...Bxe2 is the strong threat.} 13. f3 Bf5 14. Kh1 Nb8 15. Bd3 (15. Nd3 $14) 15... Nh4 16. Nc1 {[%cal Bb3c1,Bc1d3,Bd3f4][%mdl 32]} Nd7 17. g3 Bxd3 $1 18. Ncxd3 Nf5 19. Nc2 Qa6 (19... c5 $15) 20. Bc1 $11 c5 21. Ne3 Nxe3 22. Bxe3 {[%cal Rd4c5]} c4 23. Nf4 b5 24. axb5 Qxb5 25. Rf2 Nb6 ({Black should try} 25... Qb3 $11) 26. g4 $14 h4 27. Nh3 Qb3 28. f4 (28. Qe1 $16) 28... a4 ({Black should play} 28... Qxd1+ $14 29. Rxd1 a4) 29. Qb1 ({Better is} 29. Rc2 $1 $16) 29... a3 $11 {Strongly threatening ...0-0.} 30. f5 $1 {[%cal Rf5e6] And now fxe6 would win.} Kd7 31. Nf4 axb2 (31... Na4 $1 $11) 32. Rxb2 $16 Qxc3 $2 {[%mdl 8192]} (32... Rxa1 $14 33. Rxb3 (33. Qxa1 Ra8 $11) 33... Rxb1+ 34. Rxb1 Rb8) 33. Rba2 $2 {[#]} ({Not} 33. fxe6+ fxe6 34. Raa2 (34. Rxa8 Rxa8 35. Nxe6 h3 $17) 34... Rxa2 $15) (33. Nxd5 $1 $18 Qxb2 34. Qxb2 Rxa1+ 35. Qxa1 Nxd5 36. Qa4+ Kc7 37. Qa7+ Kc6 38. Qa6+ Kd7 39. Qb7+ Nc7 40. d5 $1 {[%mdl 512]} exd5 41. e6+ $1 {[%mdl 512]} fxe6 42. fxe6+ Kxe6 43. Qxc7) 33... Kc6 $1 $17 ({Worse is} 33... Qxe3 34. Qb5+ Kc7 35. Ra7+ Rxa7 36. Rxa7+ Kd8 37. Qxb6+ Ke8 38. Ra8+ Kd7 39. Qb7#) 34. Rxa8 $2 (34. fxe6 Rxa2 35. Rxa2 fxe6 36. Qg6 Qe1+ 37. Bg1 Qe4+ 38. Qxe4 dxe4 39. Nxe6) 34... Rxa8 $19 35. Rxa8 Nxa8 36. Qb8 $2 (36. Qc1 Qxc1+ 37. Bxc1) 36... Nc7 37. f6 gxf6 38. exf6 Bd6 {Precision: White = 43%, Black = 47%.} 0-1

[Event "13th Poti Nana Aleksandria Cup"]
[Site "Poti"]
[Date "2018.07.14"]
[Round "2"]
[White "Poormosavi, Seyed Kian"]
[Black "Avetisyan, Mariam"]
[Result "0-1"]
[WhiteElo "2221"]
[BlackElo "2051"]
[Annotator "NA"]
[PlyCount "101"]
[EventDate "2018.07.13"]
[EventType "swiss"]
[EventCountry "GEO"]
[SourceTitle "playchess.com"]
[Source "ChessBase"]
[SourceQuality "1"]
[TimeControl "40/5400+30:1800+30"]

1. e4 {[%emt 0:00:50]} e6 {[%emt 0:00:00]} 2. d4 {[%emt 0:00:04]} d5 {[%emt 0:00:00]} 3. Nd2 {[%emt 0:00:05]} Nf6 {[%emt 0:00:00]} 4. e5 {[%emt 0:00:09]} Nfd7 {[%emt 0:00:00]} 5. Bd3 {[%emt 0:00:40]} c5 {[%emt 0:00:00]} 6. c3 {[%emt 0:00:33]} Nc6 {[%emt 0:00:00]} 7. Ne2 {[%emt 0:00:07]} cxd4 {[%emt 0:00:01]} 8. cxd4 {[%emt 0:00:05]} f6 {[%emt 0:00:09]} 9. exf6 {[%emt 0:00:12]} Nxf6 {[%emt 0:00:04]} 10. Nf3 {[%emt 0:01:34]} Bd6 {[%emt 0:00:05]} 11. O-O {[%emt 0:01:17]} Qc7 {[%emt 0:00:05]} 12. Bg5 {[%emt 0:08:37]} O-O {[%emt 0:01:21] LiveBook: 950 Games} 13. Nc3 {[%emt 0:11:28]} a6 {[%emt 0:03:17]} 14. Rc1 {[%emt 0:04:30]} Bd7 {[%emt 0:20:54]} 15. a3 {[%emt 0:09:40] C06: French Tarrasch: 3...Nf6 4 e5 Nfd7 5 Bd3 main lines} (15. Bh4 Be8 16. Qe1 Kh8 17. Bg3 Bxg3 18. hxg3 Bh5 19. Ne5 Nxe5 20. dxe5 Ng4 21. Be2 Qxe5 22. Bxg4 Qxe1 23. Rfxe1 Bxg4 {½-½ (41) Van Kampen,R (2618)-Williams,S (2455) England 2014}) 15... Be8 {[%emt 0:23:31]} 16. Qe2 {[%emt 0:08:44]} Qf7 $146 {[%emt 0:08:40]} ({Predecessor:} 16... Bf7 17. b4 Qe7 18. Rce1 Rac8 19. Na4 h6 20. Bh4 Rce8 21. Qe3 e5 22. dxe5 Nxe5 23. Nxe5 Qxe5 24. Qxe5 Rxe5 25. Rxe5 Bxe5 {½-½ (34) Thierry,R (2304)-Svoboda,F (2432) ICCF email 2009}) 17. Bh4 {[%emt 0:03:37]} Bf4 {[%emt 0:06:26]} 18. Rce1 {[%emt 0:01:09]} Bd7 {[%emt 0:02:57]} 19. Qc2 {[%emt 0:18:01]} Qh5 {[%emt 0:04:49]} 20. Bg3 {[%emt 0:01:12]} Qh6 {[%emt 0:06:29]} 21. Ne2 {[%emt 0:09:01]} Bxg3 {[%emt 0:00:49]} 22. fxg3 {[%emt 0:01:26]} Ng4 {[%emt 0:02:18]} 23. Nf4 {[%emt 0:11:09]} Nxd4 {[%emt 0:06:58]} 24. Bxh7+ {[%emt 0:01:40]} Qxh7 {[%emt 0:00:48]} 25. Qxh7+ {[%emt 0:00:16]} Kxh7 {[%emt 0:00:03]} 26. Nxd4 {[%emt 0:00:01]} e5 {[%emt 0:01:18]} 27. h3 {[%emt 0:02:43]} exf4 {[%emt 0:00:38]} 28. hxg4 {[%emt 0:00:17]} fxg3 {[%emt 0:00:05]} 29. Nf5 {[%emt 0:02:28]} Bxf5 {[%emt 0:01:16]} 30. gxf5 {[%emt 0:00:06]} Rae8 {[%emt 0:00:43]} 31. Rd1 {[%emt 0:02:08]} Re5 {[%emt 0:01:15]} 32. Rf3 {[%emt 0:00:59]} Rfxf5 {[%emt 0:02:04]} 33. Rxg3 {[%emt 0:00:07]} Rg5 {[%emt 0:02:55]} 34. Rxg5 {[%emt 0:00:57]} Rxg5 {[%emt 0:00:16]} 35. Kf2 {[%emt 0:00:47]} Kg6 {[%emt 0:01:11]} 36. Kf3 {[%emt 0:00:41]} Kf6 {[%emt 0:00:12]} 37. g4 {[%emt 0:00:27]} Re5 {[%emt 0:01:23]} 38. Rc1 {[%emt 0:00:18]} d4 {[%emt 0:01:23]} 39. Rc4 {[%emt 0:00:38]} Re3+ {[%emt 0:00:35]} 40. Kf2 {[%emt 0:00:00]} Rb3 {[%emt 0:00:00]} 41. Rxd4 {[%emt 0:03:40]} Rxb2+ {[%emt 0:03:21]} 42. Kf3 {[%emt 0:00:26]} Rb3+ {[%emt 0:11:21]} 43. Kf4 $19 {[%emt 0:00:55]} g5+ {[%emt 0:01:02]} 44. Ke4 {[%emt 0:00:07]} Ke6 {[%emt 0:00:20]} 45. Rd8 {[%emt 0:10:29]} Rxa3 {[%emt 0:00:18]} 46. Re8+ {[%emt 0:00:06]} Kf7 {[%emt 0:02:25]} 47. Rb8 {[%emt 0:01:04]} Ra4+ {[%emt 0:01:17]} 48. Ke5 {[%emt 0:04:40]} Rb4 {[%emt 0:02:34]} 49. Kf5 {[%emt 0:00:15]} Rb5+ {[%emt 0:00:06]} 50. Ke4 {[%emt 0:00:03]} a5 {[%emt 0:01:50]} 51. Ra8 {[%emt 0:00:30]} 0-1

[Event "13th Poti Nana Aleksandria Cup"]
[Site "Poti"]
[Date "2018.07.14"]
[Round "2"]
[White "Vakhania, Aleksandra"]
[Black "Golubov, Saveliy"]
[Result "0-1"]
[WhiteElo "2182"]
[BlackElo "2488"]
[Annotator "TA"]
[PlyCount "98"]
[EventDate "2018.07.13"]
[EventType "swiss"]
[EventCountry "GEO"]
[SourceTitle "playchess.com"]
[Source "ChessBase"]
[SourceQuality "1"]

{[%evp 9,98,27,36,35,64,65,96,82,78,70,85,66,97,46,48,16,0,10,52,52,88,20,75,69,67,0,18,5,15,0,19,0,2,0,0,-20,0,0,0,10,10,2,9,6,52,27,23,0,35,36,67,60,95,63,177,46,133,52,113,8,15,0,41,0,0,0,0,-59,-45,-241,-79,-105,-15,-15,-8,-8,0,0,0,-28,-28,-30,0,-472,-176,-473,-468,-29959,-29962,-6375,-6119]} 1. d4 f5 2. g3 Nf6 3. Bg2 g6 4. Nc3 Bg7 5. Bg5 d6 {LiveBook: 3 Games} (5... c6 6. Qd2 h6 7. Bxf6 Bxf6 8. e4 d6 9. h4 Bg7 10. O-O-O O-O 11. f4 Na6 12. Nf3 fxe4 13. Nxe4 Bf5 14. Nf2 Qd7 15. h5 c5 16. Nh4 cxd4 17. Rde1 Rac8 18. Bd5+ Kh8 19. Nxg6+ {1-0 (19) Viennot,D (2272)-Gascon del Nogal,J (2496) Cappelle-la-Grande 2018}) 6. Qd2 {A81: Dutch Defence: 2 g3} (6. Nf3 {with more complications.} c6 7. Qd3 Na6 8. a3 Qb6 9. O-O-O) 6... h6 7. Bxf6 Bxf6 8. e4 {White is better.} Nc6 9. Nge2 e5 10. O-O-O exd4 11. Nb5 (11. Nd5 $16) 11... O-O $146 ({Predecessor:} 11... d3 12. Qxd3 O-O 13. f4 {1-0 (43) Brameyer,H (2241)-Welz,P (2244) Berlin 1999}) 12. Nbxd4 Nxd4 13. Nxd4 fxe4 (13... f4 $5) 14. Bxe4 Bg7 15. f4 ({Weaker is} 15. Bxg6 Qf6 $17) (15. c3 $1 $16) 15... Qf6 (15... d5 $11 {remains equal.} 16. Bf3 (16. Bxg6 Qf6 $15) 16... c6) 16. c3 $1 $16 c6 17. h4 ({White should play} 17. h3 $14) 17... Bg4 18. Rde1 d5 19. Bf3 Bd7 20. Nb3 b6 21. Nd4 {[%cal Bb3d4,Bd4f3,Bf3e5][%mdl 32]} Rad8 22. Bg2 Qd6 23. h5 c5 24. Nf3 $36 {[%mdl 2048] Black is under pressure.} gxh5 25. Ne5 {White wants to play Nc4!} Be8 26. Bf3 Qe6 27. c4 {[%cal Rf3d5]} d4 28. Qd3 {aiming for Nc6.} Qf6 (28... Bxe5 $5 29. Rxe5 Qg6 30. Qxg6+ Bxg6 $11) 29. Bxh5 Bxh5 30. Rxh5 {And now Ng4 would win.} Rfe8 31. Reh1 {Black must now prevent R1h4.} Qe6 {[#]} (31... Rd6 $14) 32. b3 ({Only move:} 32. R5h4 $1 $18) 32... a6 (32... Rf8 $14) 33. Kd2 (33. R5h4 $16) 33... Re7 (33... b5 $1 $14) 34. Qf5 ({Better is} 34. R1h4 $16) 34... Rde8 35. Kd3 Qd6 36. Qg4 (36. Ng4 $5 {[%cal Rg4h6]} Re2 37. R1h2 Rxh2 38. Rxh2 $11) 36... Re6 37. Rf5 R8e7 38. Qh5 (38. Rd1 $11) 38... b5 $1 $15 ({Much weaker is} 38... Bxe5 $6 39. fxe5 Qc6 40. Rhf1 $14) 39. Rf7 $2 ({White should try} 39. Rf1 $15) 39... Bxe5 $2 (39... bxc4+ $19 {and Black stays clearly on top.} 40. Nxc4 Qc6 41. Rxe7 Qe4+ 42. Kd2 Rxe7) 40. Rxe7 $17 {[#]} Qxe7 (40... bxc4+ $1 $17 41. bxc4 Qxe7 42. fxe5 Qh7+ 43. Kd2 Qe4) 41. fxe5 $19 {[%mdl 4096] Endgame KQR-KQR} Qh7+ 42. Kd2 Qe4 43. Re1 $1 {[%cal Re1e4]} Qg2+ 44. Re2 (44. Kc1 $5 {[%cal Rh5g4]} Qxg3 45. Qh1 $17) 44... Qxg3 45. Qf5 Re7 {...Qc3+ is the strong threat.} 46. e6 $2 {[%mdl 8192]} (46. cxb5 $1 $11 Qc3+ 47. Kd1 Qa1+ 48. Kd2 Qxa2+ 49. Kd1 Qxb3+ 50. Kc1) 46... Qc3+ 47. Kd1 {White threatens Rg2+ and mate.} Rg7 {( -> ...Rg1+)} 48. Rf2 (48. Qf2 $19 Qa1+ 49. Kc2 Qxa2+ 50. Kc1 Qa1+ 51. Kc2 Qc3+ 52. Kb1 Qxb3+ 53. Kc1 Qxc4+ 54. Kb2 Qc3+ 55. Ka2) 48... Rg1+ 49. Rf1 Qa1+ {Precision: White = 26%, Black = 35%.} 0-1

[Event "13th Poti Nana Aleksandria Cup"]
[Site "Poti"]
[Date "2018.07.14"]
[Round "2"]
[White "Matevosyan, Sedrak"]
[Black "Sindarov, Javokhir"]
[Result "1/2-1/2"]
[WhiteElo "2161"]
[BlackElo "2474"]
[Annotator "ChessBase"]
[PlyCount "109"]
[EventDate "2018.07.13"]
[EventType "swiss"]
[EventCountry "GEO"]
[SourceTitle "playchess.com"]
[Source "ChessBase"]
[SourceQuality "1"]
[TimeControl "40/5400+30:1800+30"]

1. c4 {[%emt 0:00:00]} g6 {[%emt 0:00:00]} 2. d4 {[%emt 0:00:04]} Nf6 {[%emt 0:00:00]} 3. Nc3 {[%emt 0:00:07]} Bg7 {[%emt 0:00:00]} 4. e4 {[%emt 0:00:24]} d6 {[%emt 0:00:00]} 5. Nf3 {[%emt 0:00:21]} O-O {[%emt 0:00:05]} 6. Be2 {[%emt 0:00:05]} Bg4 {[%emt 0:00:03]} 7. Be3 {[%emt 0:00:35]} Nfd7 {[%emt 0:00:06]} 8. Ng1 {[%emt 0:03:56]} Bxe2 {[%emt 0:00:09]} 9. Ngxe2 {[%emt 0:00:06]} c5 {[%emt 0:00:29]} 10. O-O {[%emt 0:02:14]} Nc6 {[%emt 0:01:38]} 11. b3 {[%emt 0:09:43]} a6 {[%emt 0:01:11]} 12. a4 {[%emt 0:08:06]} Qa5 {[%emt 0:13:02]} 13. Rc1 {[%emt 0:12:33]} cxd4 {[%emt 0:00:28]} 14. Nxd4 {[%emt 0:00:19]} Nc5 {[%emt 0:00:05]} 15. Nd5 {[%emt 0:08:39]} Qd8 {[%emt 0:02:55]} 16. Nxc6 {[%emt 0:24:41]} bxc6 {[%emt 0:00:11]} 17. Nb4 {[%emt 0:04:56]} Qc7 {[%emt 0:06:11]} 18. Qc2 {[%emt 0:00:57]} Rfb8 {[%emt 0:06:22]} 19. Bxc5 {[%emt 0:00:31]} dxc5 {[%emt 0:00:04]} 20. Nd3 {[%emt 0:00:10]} Bd4 {[%emt 0:00:05]} 21. Rcd1 {[%emt 0:02:31]} Rb7 {[%emt 0:02:02]} 22. g3 {[%emt 0:01:00]} Rab8 {[%emt 0:03:45]} 23. Nc1 {[%emt 0:00:15]} e5 {[%emt 0:00:59]} 24. Rd3 {[%emt 0:01:34]} Qd7 {[%emt 0:02:27]} 25. Ne2 {[%emt 0:02:47]} f5 {[%emt 0:02:37]} 26. Nxd4 {[%emt 0:00:54]} cxd4 {[%emt 0:05:24]} 27. Re1 {[%emt 0:04:20]} c5 {[%emt 0:02:13]} 28. exf5 {[%emt 0:00:56]} Qxf5 {[%emt 0:00:04]} 29. Qe2 {[%emt 0:01:00]} Rf7 {[%emt 0:04:26]} 30. f3 {[%emt 0:05:32]} Rfb7 {[%emt 0:00:07]} 31. g4 {[%emt 0:00:52]} Qf6 {[%emt 0:06:56]} 32. Qxe5 {[%emt 0:00:09]} Qxe5 {[%emt 0:00:04]} 33. Rxe5 {[%emt 0:00:03]} Rxb3 {[%emt 0:00:11]} 34. Rxb3 {[%emt 0:00:03]} Rxb3 {[%emt 0:00:08]} 35. Rxc5 {[%emt 0:00:06]} Rxf3 {[%emt 0:00:07]} 36. Rd5 {[%emt 0:05:19]} Rf4 {[%emt 0:00:58]} 37. h3 {[%emt 0:00:51]} Kf7 {[%emt 0:00:55]} 38. Kg2 {[%emt 0:00:36]} d3 {[%emt 0:06:29]} 39. c5 {[%emt 0:00:25]} Rxa4 {[%emt 0:00:08]} 40. Rxd3 {[%emt 0:00:00]} Ke6 {[%emt 0:00:00]} 41. Rd6+ {[%emt 0:06:56]} Ke5 {[%emt 0:00:42]} 42. Rd7 {[%emt 0:01:29]} Rc4 {[%emt 0:00:35]} 43. Ra7 {[%emt 0:04:31]} Kf4 {[%emt 0:01:29]} 44. Rxa6 {[%emt 0:03:37]} Rc2+ {[%emt 0:00:08]} 45. Kf1 {[%emt 0:00:14]} Rxc5 {[%emt 0:01:16]} 46. Ra7 {[%emt 0:01:53]} Kg3 {[%emt 0:01:29]} 47. Rxh7 {[%emt 0:00:45]} Re5 {[%emt 0:00:09]} 48. Rh6 {[%emt 0:02:05]} Re6 {[%emt 0:00:18]} 49. h4 {[%emt 0:01:24]} Rf6+ {[%emt 0:00:19]} 50. Ke2 {[%emt 0:00:36]} Re6+ {[%emt 0:03:31]} 51. Kd3 {[%emt 0:00:45]} Kxg4 {[%emt 0:02:36]} 52. h5 {[%emt 0:00:20]} Kg5 {[%emt 0:00:07]} 53. Rxg6+ {[%emt 0:00:04]} Rxg6 {[%emt 0:00:05]} 54. hxg6 {[%emt 0:00:03]} Kxg6 {[%emt 0:00:05]} 55. Kd4 1/2-1/2